The Asclepiadaceae & Periplocaceae of Bombay, (Record no. 89534)

MARC details
000 -LEADER
fixed length control field 00956cam a2200289 4500
001 - CONTROL NUMBER
control field sa 68020633
003 - CONTROL NUMBER IDENTIFIER
control field DLC
005 - DATE AND TIME OF LATEST TRANSACTION
control field 20260227112726.0
008 - FIXED-LENGTH DATA ELEMENTS--GENERAL INFORMATION
fixed length control field 740916s1962 ii a b 001 0 eng
010 ## - LIBRARY OF CONGRESS CONTROL NUMBER
LC control number sa 68020633
025 ## - OVERSEAS ACQUISITION NUMBER
Overseas acquisition number PL480:I-E-7140
040 ## - CATALOGING SOURCE
Original cataloging agency DLC
Transcribing agency DLC
Modifying agency DLC
043 ## - GEOGRAPHIC AREA CODE
Geographic area code a-ii---
050 00 - LIBRARY OF CONGRESS CALL NUMBER
Classification number QK495.A815
Item number S26
082 00 - DEWEY DECIMAL CLASSIFICATION NUMBER
Classification number 583/.72
100 1# - MAIN ENTRY--PERSONAL NAME
Personal name Santapau, H.
245 14 - TITLE STATEMENT
Title The Asclepiadaceae & Periplocaceae of Bombay,
Statement of responsibility, etc. by H. Santapau & N. A. Irani.
260 ## - PUBLICATION, DISTRIBUTION, ETC.
Place of publication, distribution, etc. [Bombay,
Name of publisher, distributor, etc. University of Bombay]
Date of publication, distribution, etc. 1960 (i.e. 1962)
300 ## - PHYSICAL DESCRIPTION
Extent 118 p.
Other physical details illus.
Dimensions 25 cm.
490 1# - SERIES STATEMENT
Series statement University of Bombay botanical memoirs, no. 4
500 ## - GENERAL NOTE
General note Imprint on mounted label: P. C. Manaktala, Bombay.
504 ## - BIBLIOGRAPHY, ETC. NOTE
Bibliography, etc. note Bibliography: p. 101-103.
650 #0 - SUBJECT ADDED ENTRY--TOPICAL TERM
Topical term or geographic name entry element Asclepiadaceae.
650 #0 - SUBJECT ADDED ENTRY--TOPICAL TERM
Topical term or geographic name entry element Botany
Geographic subdivision India
-- Bombay (State)
700 1# - ADDED ENTRY--PERSONAL NAME
Personal name Irani, N. A.,
Relator term joint author.
810 2# - SERIES ADDED ENTRY--CORPORATE NAME
Corporate name or jurisdiction name as entry element University of Bombay.
Title of a work University of Bombay botanical memoirs,
Volume/sequential designation no. 4.

No items available.

Powered by Koha